| 000 | 00852nam a22002057a 4500 | ||
|---|---|---|---|
| 003 | 0 | ||
| 005 | 20250214162309.0 | ||
| 008 | 250214b xxu||||| |||| 00| 0 eng d | ||
| 050 |
_aBF 697.5 _b.Qu85 2024 |
||
| 100 | _aQuianzon, Zack Travis R. | ||
| 245 |
_aNeuroticism and self-esteem among individuals who grew up in single-parent households. _cZack Travis R. Quianzon |
||
| 260 |
_aLas Pinas City _bSouthville International School and Colleges _c2024 |
||
| 300 |
_ax, 129 pages; _c28cm. |
||
| 500 | _aBachelor of Science in Psychology | ||
| 504 | _aIncludes bibliographical references and appendices. | ||
| 650 | _aNeuroticism—Psychological traits--Single-parent families. | ||
| 650 | _aSelf-Esteem—Growing up, Impact of. -- Single-parent household. | ||
| 650 | _aSingle-parent families—Personality development. | ||
| 942 |
_2lcc _cTH |
||
| 999 |
_c367224 _d367224 |
||